A renewed look at leases (Record no. 65351)

MARC details
000 -LEADER
fixed length control field 01263cam a2200253 4500
001 - CONTROL NUMBER
control field ABS63192
008 - FIXED-LENGTH DATA ELEMENTS--GENERAL INFORMATION
fixed length control field 000000n2000 000 0 eng u
035 ## - SYSTEM CONTROL NUMBER
System control number (Sirsi) u109467
100 ## - MAIN ENTRY--PERSONAL NAME
Personal name Vivian, J
245 #2 - TITLE STATEMENT
Title A renewed look at leases
260 ## - PUBLICATION, DISTRIBUTION, ETC.
Date of publication, distribution, etc. 2000
490 ## - SERIES STATEMENT
Series statement Property Week
Volume/sequential designation 65(44) 10 November 2000, 88-89(2)
520 ## - SUMMARY, ETC.
Summary, etc. In the final part of a series questioning the future of the Landlord and Tenant Act 1954, the authors consider the issues posed by the end of a lease for both parties in business tenancies. Argues that landlords are adversely affected by the provisions of the 1954 Act: the system for interim rents is costly and inefficient, and they face difficulties trying to include new commercial terms in lease renewals. From the tenant's perspective, the Act provides significant protection from unnecessary business disruption and high demands on lease renewal, although some believe there is still room for reform in certain areas. Case law.
590 ## - LOCAL NOTE (RLIN)
Local note ABS
650 ## - SUBJECT ADDED ENTRY--TOPICAL TERM
Topical term or geographic name entry element INTERIM RENTS
650 ## - SUBJECT ADDED ENTRY--TOPICAL TERM
Topical term or geographic name entry element LEASE RENEWAL
650 ## - SUBJECT ADDED ENTRY--TOPICAL TERM
Topical term or geographic name entry element LEASES
650 ## - SUBJECT ADDED ENTRY--TOPICAL TERM
Topical term or geographic name entry element LANDLORD AND TENANT ACT 1954
650 ## - SUBJECT ADDED ENTRY--TOPICAL TERM
Topical term or geographic name entry element TENANT
650 ## - SUBJECT ADDED ENTRY--TOPICAL TERM
Topical term or geographic name entry element LANDLORD
690 ## - LOCAL SUBJECT ADDED ENTRY--TOPICAL TERM (OCLC, RLIN)
Topical term or geographic name as entry element LANDLORD AND TENANT-BUSINESS TENANCIES
700 ## - ADDED ENTRY--PERSONAL NAME
Personal name White, G
942 ## - ADDED ENTRY ELEMENTS (KOHA)
Suppress in OPAC 0
Holdings
Withdrawn status Lost status Source of classification or shelving scheme Damaged status Not for loan Home library Current library Shelving location Date acquired Total Checkouts Full call number Barcode Date last seen Copy number Price effective from Koha item type
    Dewey Decimal Classification     London London Journal article 23/11/2000   ABS63192 109467-1001 06/08/2019 1 06/08/2019 Journal article